Liberalizace světového obchodu není všelék na chudobu v rozvojových zemích

Snaha vyspelých krajín o koordinovanú liberalizáciu svetového obchodu. Vznik Všeobecnej dohody o clách a obchode (GATT). Možnosť rozvojových štátov zapojiť sa do svetového obchodu. Rokovania v Uruguayskom kole. Rokovanie v Dauhá sústredené na ekonomický rozvoj a obmedzenie chudoby v rozvojových kraj...

Descrizione completa

Salvato in:
Dettagli Bibliografici
Autore principale: Chmelař, Pavel
Natura: Capitolo di libro
Lingua:ceco
Soggetti:
Tags: Aggiungi Tag
Nessun Tag, puoi essere il primo ad aggiungerne!!

MARC

LEADER 00000naa$a2200000$$$4500
001 0054538
005 20231016092921.4
041 0 |a cze 
044 |a CZ 
245 1 0 |a Liberalizace světového obchodu není všelék na chudobu v rozvojových zemích  |c Pavel Chmelař 
520 |a Snaha vyspelých krajín o koordinovanú liberalizáciu svetového obchodu. Vznik Všeobecnej dohody o clách a obchode (GATT). Možnosť rozvojových štátov zapojiť sa do svetového obchodu. Rokovania v Uruguayskom kole. Rokovanie v Dauhá sústredené na ekonomický rozvoj a obmedzenie chudoby v rozvojových krajinách. Konferencia v mexickom Cancúne skončená krachom bez dohody. Čo by nemalo chýbať v agende skutočne rozvojového kola. 
610 2 0 |a obchod svetový 
610 2 0 |a obchod zahraničný 
610 2 0 |a trh 
610 2 0 |a liberalizácia 
610 2 0 |a krajiny vyspelé 
610 2 0 |a krajiny rozvojové 
610 2 0 |a chudoba 
610 2 0 |a organizácie medzinárodné 
610 2 0 |a spolupráca medzinárodná 
100 1 |a Chmelař, Pavel